000 00649nam a22001937a 4500
005 20170920103727.0
010 _aENG-120456
020 _a9788193340899
_c995.00
035 _aEN-103988
037 _bDBAD/PUB
082 _a333.95095496
245 _aBiodiversity conservation in changing climate /
_cedited by M.M.Abid Ali Khan ...[et.al]
260 _aGhaziabad
_bKanhaya Publisher
_c2017
270 _aRTB 158,Royale Tower, Shipra Sun City, Indirapuram
_bGhaziabad
_e201010
300 _a467p.:
_c23cm(pbk)
_bill.
700 _aKhan, M.M.Abid Ali
700 _aOmer, Abdeen Mustafa
942 _2ddc
_cEN
_h333.95095496
_mBIO
999 _c144976
_d144976